| 000 | 00778cam a2200253 4500 | ||
|---|---|---|---|
| 001 | M1354 | ||
| 008 | 090401t1992 xxu||||| |||| 00| 0 eng d | ||
| 035 | _a(Sirsi) u31309 | ||
| 041 | _aeng | ||
| 050 | _a627.4 | ||
| 110 | _aMinistry of Agriculture Fisheries and Food | ||
| 245 | _aEnvironmental procedures for inland flood defence works: a guide for managers and decision makers in the National Rivers Authority, Internal Drainage Boards and Local Authorities. | ||
| 260 |
_aLondon _bMAFF _c1992 |
||
| 300 | _a16p. ; 30cm. | ||
| 350 | _a0 | ||
| 650 |
_aEnvironment _96238 |
||
| 650 | _aFLOOD DEFENCES | ||
| 650 | _aFLOODING | ||
| 690 | _aWATER | ||
| 710 |
_aEnglish Nature _93309 |
||
| 710 |
_aNational Rivers Authority _92833 |
||
| 942 | _n0 | ||
| 948 | _c04/03/1997 | ||
| 999 |
_c89577 _d89577 |
||